Ley sobre uno de plaguicidas y agroquímicos de la provincia de Río Negro /

Guardado en:
Autor Corporativo: Consejo federal de inversiones.
Otros Autores: Mazzucchelli, Sergio.
Formato: Libro
Idioma:Spanish
Publicado: Buenos Aires : CFI, 1988.
Etiquetas: Agregar Etiqueta
Sin Etiquetas, Sea el primero en etiquetar este registro!
LEADER 00532nam a22001575a 4500
001 EEO.bibeco004540
003 AR-BaUEB
005 20110412134608.0
008 080718s1988####ag############000#0#spa#d
245 1 0 |a Ley sobre uno de plaguicidas y agroquímicos de la provincia de Río Negro /  |c Sergio Mazzucchelli ... [et al.]. 
260 |a Buenos Aires :  |b CFI,  |c 1988. 
300 |a 8 p. 
110 2 |a Consejo federal de inversiones. 
700 1 |a Mazzucchelli, Sergio. 
082 0 4 |a 632.95 
859 |a AR-BaUEB  |b BIB. ECONOMIA - General  |h 632.95  |i M458  |p e06031